000 01234nam a2200433Ia 4500
001 UByD001183
003 AR-LpoUNG
005 20221126101347.0
008 221123s1978||||ag |||||||||||||| ||spa||
040 _aAR-LpoUNG
_bspa
_cAR-LpoUNG
_eaacr
041 0 _aspa
082 0 _aA864 693mit
100 1 _aTorres Roggero, Jorge
245 1 0 _aMitos populares y personajes literarios
250 _a1ra. ed.
260 _aSan Antonio de Padua :
_bCastañeda,
_c1978.
300 _a197 p.
590 _bp. 80-81, contiene:
_afolleto de Ediciones Castañeda, con reseña de publicaciones de la editorial.
650 4 _aLITERATURA
650 4 _aANALISIS LITERARIO
650 4 _aCRITICA LITERARIA
650 4 _aCULTURA
650 4 _aIDENTIDAD CULTURAL
650 4 _aMITOLOGIA
653 0 _aPERSONAJE LITERARIO
653 0 _aHEROE LITERARIO
700 1 _aPérez Martín, Norma
_eintr.
700 1 _aLena Paz, Marta
700 1 _adel Corro, Gaspar
700 1 _aCersósimo, Emilse
700 1 _aCalabrese, Elisa
700 1 _aZamboni, Olga
700 1 _aFerrari, Mirta
700 1 _aAronne Amestoy, Lida
700 1 _aRicci, Graciela
700 1 _aAltuna, Elena
905 _aCJPM751
942 _cLIB
_2ddc
999 _c62535
_d62535